Códigos IATA - Statistics

Estatísticas Gerais
  • Esse quiz foi jogado 140 vezes
    117 desde o último reset
  • A pontuação média é 35 de 111
Estatísticas das Respostas
IATA Cidade % Correto
FOR Fortaleza
86%
OPO Porto
80%
BSB Brasília
77%
GIG Rio de Janeiro
77%
POA Porto Alegre
71%
CNF Belo Horizonte
69%
BEL Belém
66%
DXB Dubai
66%
LIS Lisboa
66%
AMS Amesterdão
63%
CUN Cancún
63%
FRA Frankfurt
60%
MAD Madrid
60%
MIA Miami
60%
OSL Oslo
60%
FCO Roma
60%
BCN Barcelona
57%
DUB Dublin
57%
MCZ Maceió
57%
NAT Natal
57%
REC Recife
57%
SID Sal
57%
SSA Salvador
57%
VCP Viracopos
57%
BER Berlim
54%
TLV Tel Aviv
54%
BOS Boston
51%
LUX Luxemburgo
51%
JFK Nova Iorque
51%
SFO São Francisco
49%
ZRH Zurique
49%
BRU Bruxelas
46%
ORD Chicago
46%
IBZ Ibiza
46%
IST Istambul
46%
YYZ Toronto
46%
MAN Manchester
43%
MXP Milão
43%
VIE Viena
43%
NAP Nápoles
40%
ORY Orly
40%
ZAG Zagreb
40%
BUD Budapeste
37%
MUC Munique
37%
NCE Nice
37%
PRG Praga
37%
ACC Acra
31%
HAM Hamburgo
31%
YUL Montreal
31%
EWR Newark
31%
WAW Varsóvia
31%
CPH Copenhaga
29%
HEL Helsínquia
29%
GRU São Paulo-Guarulhos
29%
CPT Cidade do Cabo
26%
FAO Faro
26%
FNC Funchal
26%
PUJ Punta Cana
26%
TFS Tenerife
26%
VCE Veneza
26%
DUS Dusseldorf
23%
FEZ Fez
23%
GVA Genebra
23%
IAD Washington
23%
BVC Boa Vista
20%
CMN Casablanca
20%
LYS Lyon
17%
AGP Málaga
17%
MRS Marselha
17%
NTE Nantes
17%
VLC Valência
17%
ALG Argel
14%
CCS Caracas
14%
DSS Dakar
14%
LHR London Heathrow
14%
DME Moscovo
14%
RAI Praia
14%
ABJ Abidjan
11%
BJL Banjul
11%
ARN Estocolmo
11%
LPA Las Palmas
11%
LCY London City
11%
LAD Luanda
11%
PDL Ponta Delgada
11%
VXE São Vicente
11%
SVQ Sevilha
11%
TNG Tânger
11%
VGO Vigo
11%
BIO Bilbao
9%
OXB Bissau
9%
BLQ Bolonha
9%
OTP Bucareste
9%
CGN Colónia
9%
FUE Fuerteventura
9%
MPM Maputo
9%
PXO Porto Santo
9%
TMS São Tomé e Princípe
9%
TER Terceira
9%
TLS Toulouse
9%
AGA Agadir
6%
BOD Bordéus
6%
DJE Djerba
6%
FLR Florença
6%
LFW Lomé
6%
RAK Marraquexe
6%
MIR Monastir
6%
OVD Ovideo
6%
LCG Corunha
3%
STR Estugarda
3%
OUD Oujda
0%
SCQ Santiago Compostela
0%
Nenhum quiz correspondente encontrado
Distribuição das Pontuações
Porcentagem de Pessoas com Cada Pontuação
Percentil de Números Respondidos
Sua Pontuação Histórica
Você não jogou esse quiz desde o último reset